NCAA D1 Men's Ice Hockey Champions - Statistics

General Stats
  • This quiz has been taken 295 times
    49 since last reset
  • The average score is 68 of 78
Answer Stats
Year Champions Runner-Up % Correct
1993 Maine Lake Superior State
96%
1999 Maine New Hampshire
96%
1948 Michigan Dartmouth
96%
1951 Michigan Brown
96%
1952 Michigan Colorado College
96%
1953 Michigan Minnesota
96%
1955 Michigan Colorado College
96%
1956 Michigan Michigan Tech
96%
1964 Michigan Denver
96%
1996 Michigan Colorado College
96%
1998 Michigan Boston College
96%
1974 Minnesota Michigan Tech
96%
1976 Minnesota Michigan Tech
96%
1979 Minnesota North Dakota
96%
2002 Minnesota Maine
96%
2003 Minnesota New Hampshire
96%
1959 North Dakota Michigan State
96%
1963 North Dakota Denver
96%
1980 North Dakota Northern Michigan
96%
1982 North Dakota Wisconsin
96%
1987 North Dakota Michigan State
96%
1997 North Dakota Boston University
96%
2000 North Dakota Boston College
96%
2016 North Dakota Quinnipiac
96%
1973 Wisconsin Denver
96%
1977 Wisconsin Michigan
96%
1981 Wisconsin Minnesota
96%
1983 Wisconsin Harvard
96%
1990 Wisconsin Colgate
96%
2006 Wisconsin Boston College
96%
1949 Boston College Dartmouth
93%
2001 Boston College North Dakota
93%
2008 Boston College Notre Dame
93%
2010 Boston College Wisconsin
93%
2012 Boston College Ferris State
93%
1958 Denver North Dakota
93%
1960 Denver Michigan Tech
93%
1961 Denver St. Lawrence
93%
1968 Denver North Dakota
93%
1969 Denver Cornell
93%
2004 Denver Maine
93%
2005 Denver North Dakota
93%
2017 Denver Minnesota Duluth
93%
2022 Denver Minnesota State
93%
2024 Denver Boston College
93%
2026 Denver Wisconsin
93%
1989 Harvard Minnesota
93%
1971 Boston University Minnesota
89%
1972 Boston University Cornell
89%
1978 Boston University Boston College
89%
1995 Boston University Maine
89%
2009 Boston University Miami (OH)
89%
1967 Cornell Boston University
89%
1970 Cornell Clarkson
89%
2023 Quinnipiac Minnesota
89%
2015 Providence Boston University
86%
1966 Michigan State Clarkson
82%
1986 Michigan State Harvard
82%
2007 Michigan State Boston College
82%
2011 Minnesota Duluth Michigan
82%
2018 Minnesota Duluth Notre Dame
82%
2019 Minnesota Duluth Massachusetts
82%
2013 Yale Quinnipiac
82%
1988 Lake Superior State St. Lawrence
79%
1992 Lake Superior State Wisconsin
79%
1994 Lake Superior State Boston University
79%
1962 Michigan Tech Clarkson
79%
1965 Michigan Tech Boston College
79%
1975 Michigan Tech Minnesota
79%
1950 Colorado College Boston University
68%
1957 Colorado College Michigan
68%
2021 Massachusetts St. Cloud State
68%
2025 Western Michigan Boston University
64%
1991 Northern Michigan Boston University
57%
1954 Rensselaer Minnesota
50%
1985 Rensselaer Providence
50%
2014 Union Minnesota
46%
1984 Bowling Green Minnesota Duluth
39%
No matching quizzes found
Score Distribution
Percent of People with Each Score
Percentile by Number Answered
Your Score History
You have not taken this quiz since the last reset